Online
Catalog

Oro enterrado y anacondas / (Record no. 23861)

MARC details
000 -CABECERA
campo de control de longitud fija 00697nam a2200205 a 4500
001 - NÚMERO DE CONTROL
campo de control 000024368
005 - FECHA Y HORA DE LA ÚLTIMA TRANSACCIÓN
campo de control 20200930022942.0
008 - DATOS DE LONGITUD FIJA--INFORMACIÓN GENERAL
campo de control de longitud fija 110126s1964 sp ac r 000 0 spa d
040 ## - FUENTE DE LA CATALOGACIÓN
Centro catalogador/agencia de origen DO-SdBNP
Lengua de catalogación spa
Centro/agencia transcriptor BNPHU
041 17 - CÓDIGO DE LENGUA
Código de lengua del texto/banda sonora o título independiente spa
Código de lengua original swe
Fuente del código Código de idiomas MARC
082 ## - NÚMERO DE LA CLASIFICACIÓN DECIMAL DEWEY
Número de clasificación nnnn
Número de documento/Ítem B653o
049 ## - FONDOS LOCALES (OCLC)
Fondos de biblioteca BNGR
100 1# - ENTRADA PRINCIPAL--NOMBRE DE PERSONA
Nombre de persona Blomberg, Rolf,
Fechas asociadas al nombre 1912-1996
9 (RLIN) 49976
240 10 - TÍTULO UNIFORME
Título uniforme Guld att hämta.
Lenguaje de la obra Español
245 10 - MENCIÓN DE TÍTULO
Título Oro enterrado y anacondas /
Mención de responsabilidad, etc. Rolf Blomberg ; traducción de Mariano Orta Manzano.
260 ## - PUBLICACIÓN, DISTRIBUCIÓN, ETC.
Lugar de publicación, distribución, etc. Barcelona :
Nombre del editor, distribuidor, etc. Juventud,
Fecha de publicación, distribución, etc. 1964.
300 ## - DESCRIPCIÓN FÍSICA
Extensión 189, [2] p. :
Otras características físicas il., retrs. ;
Dimensiones 23 cm.
534 ## - NOTA SOBRE LA VERSIÓN ORIGINAL
Frase introductoria Título original en sueco:
Mención de título del original Guld att hämta.
700 1# - PUNTO DE ACCESO ADICIONAL--NOMBRE DE PERSONA
Nombre de persona Orta Manzano, Mariano,
Término indicativo de función/relación tr.
9 (RLIN) 48187
Holdings
Estado de retiro Estado de pérdida Restricciones de uso No para préstamo Código de colección Localización permanente Ubicación/localización actual Ubicación en estantería Fecha de adquisición Número de inventario Total de préstamos Signatura topográfica completa Código de barras Fecha visto por última vez Precio válido a partir de Tipo de ítem Koha
    Préstamo interno   Monografías: Libros y Folletos General General En catalogación 26.01.2011 LF1   nnnn B653o 24368-10 25.06.2020 25.06.2020 Préstamo interno

Powered by Koha